Leinster Senior Cup Schools by Winners - Statistics

General Stats
  • This quiz has been taken 39 times
  • The average score is 7 of 18
Answer Stats
N School County Titles First Win Last Won % Correct
1 Blackrock College Dublin 70 1887-88 2018
100%
2 Belvedere College Dublin 12 1923-24 2016-17
73%
4 Clongowes Wood College Kildare 9 1926 2020 (Shared)
68%
12 Gonzaga College Dublin 1 2023 2023
68%
8 St. Michael's College Dublin 3 2007 2019
64%
3 Terenure College Dublin 10 1952 2003
59%
8 Newbridge College Kildare 3 1941 2020 (Shared)
55%
6 St. Mary's College Dublin 5 1961 2002
55%
5 Castleknock College Dublin 8 1913 1965
32%
12 Cistercian College Offaly 1 2015 2015
23%
7 St. Andrew's College Dublin 4 1906 1922
23%
11 De La Salle Dublin 2 1983 1985
18%
12 The High School Dublin 1 1973 1973
18%
12 Wesley College Dublin 1 1898 1898
18%
12 Presentation College Bray Wicklow 1 1932 1932
14%
8 C.B.S Monkstown Dublin 3 1889 1976
0%
12 Montjoy School/ Mount Temple Comprehensive School Dublin 1 1914 1914
0%
12 Saint Columba's College Dublin 1 1899 1899
0%
No matching quizzes found
Score Distribution
Percent of People with Each Score
Percentile by Number Answered
Your Score History
You have not taken this quiz